<?xml version="1.0" encoding="UTF-8"?>
<collection xmlns="http://www.loc.gov/MARC21/slim">
 <record>
  <leader>01483nam a2200229 a 4500</leader>
  <controlfield tag="001">TVCDKTCT11320</controlfield>
  <controlfield tag="003">Thư viện trường Cao đẳng Kỹ thuật Cao Thắng</controlfield>
  <controlfield tag="005">20090831000000</controlfield>
  <controlfield tag="008">090831</controlfield>
  <datafield tag="980" ind1="\" ind2="\">
   <subfield code="a">Thư viện Trường CĐ Kỹ Thuật Cao Thắng</subfield>
  </datafield>
  <datafield tag="024" ind1=" " ind2=" ">
   <subfield code="a">RG_1 #1 eb0 i1</subfield>
  </datafield>
  <datafield tag="041" ind1="0" ind2="#">
   <subfield code="a">vie</subfield>
  </datafield>
  <datafield tag="082" ind1="#" ind2="#">
   <subfield code="a">911 / </subfield>
   <subfield code="b">Q557GI-m</subfield>
  </datafield>
  <datafield tag="100" ind1="1" ind2="#">
   <subfield code="a">Mai Lý Quảng</subfield>
  </datafield>
  <datafield tag="245" ind1="0" ind2="0">
   <subfield code="a">198 quốc gia và vùng lãnh thổ thế giới /</subfield>
   <subfield code="c">Mai Lý Quảng</subfield>
  </datafield>
  <datafield tag="250" ind1="#" ind2="#">
   <subfield code="a">In lần thứ 1</subfield>
  </datafield>
  <datafield tag="260" ind1="#" ind2="#">
   <subfield code="a">Hà Nội :</subfield>
   <subfield code="b">Thế giới ,</subfield>
   <subfield code="c">2002</subfield>
  </datafield>
  <datafield tag="300" ind1="#" ind2="#">
   <subfield code="a">1025tr. ;</subfield>
   <subfield code="c">21 cm</subfield>
  </datafield>
  <datafield tag="520" ind1="#" ind2="#">
   <subfield code="a">Nội dung cuốn sách cung cấp cho bạn đọc những kiến thức về 198 quốc gia trên thế giới như: Tên gọi chính thức, thể chế nhà nước, tham gia các tổ chức quốc tế, ngày quốc khánh, quan hệ ngoại giao với Việt Nam, đại lý, diện tích, thủ đô, các thành phố chính, lịch sử, dân số, ngôn ngữ và chữ viết, kinh tế, GDP tính theo đầu người, đon vị tiền tệ, văn hóa- xã hội, các tộc người cư trú, tôn giáo và tín ngưỡng.</subfield>
  </datafield>
  <datafield tag="520" ind1="#" ind2="#">
   <subfield code="a">Trân trọng giới thiệu cùng  bạn đọc</subfield>
  </datafield>
  <datafield tag="650" ind1="#" ind2="4">
   <subfield code="a">Thế giới--Quốc gia và vùng lãnh thổ</subfield>
  </datafield>
  <datafield tag="650" ind1="#" ind2="4">
   <subfield code="a">Các nước--Địa lý--Lịch sử--Kinh tế</subfield>
  </datafield>
 </record>
</collection>
